000 00574nam a2200193Ia 4500
005 20250326144810.0
008 250326s9999 xx 000 0 und d
020 _a1-4039-6578-1
037 _aTextbook
040 _aFMSL
_beng
_cFMSL
041 _aeng
_2eng
084 _aX.41 P4
_qFMSL
100 _aMengin Francoise
_9750129
245 0 _aCyber China:Reshaping national identities in the age of information
_cMengin Francoise
260 _aUSA
_bUSA, Palgrave Macmillan
_c2004
300 _axvii,260
942 _cTB
_hX.41 P4
999 _c1305107
_d1305107